000
00196 a2200097 4500
001
21497
100
_a
Preece, Warren E
245
_a
Encyclopedia
260
_a
_b
Benton
_c
090
_c
15124
_d
15124
942
_a
NUST-CAE
_c
M
_c
5697
999
_c
256570
_d
256570